000 00331 a2200157 4500
001 158731
020 _a
040 _cMagnum
100 _a-
240 1 0 _aDicionario infantil vila sesamo
_lpor
245 1 0 _aDicionario infantil vila sesamo
362 0 _a1899
440 1 _aSalamandra
697 _aDICIONARIOS
942 _cBK
999 _c158731
_d158731